000 00368nam a22001457a 4500
005 20160623164237.0
008 160623b xxu||||| |||| 00| 0 eng d
041 _aeng
082 _b9465
100 _aChawla, Shashi
_92611
245 _aA Text book of Engineering Chemistry
260 _bDhanpat Rai and Co.
_c2013
650 _aDiploma Engineering
_9817
942 _cBK
999 _c3727
_d3726